000 00486nam a2200181Ia 4500
005 20250423095304.0
008 250422s9999 xx 000 0 und d
020 _a9789789236442
050 _aHD 62.7 .O46/
100 _aOmorokpe, R. O.
245 0 _aEssentials of small business management
250 _a1st ed.
260 _bMareh Publishers
260 _c2012
300 _a327 p
650 _a Small business--Management. New business enterprises--Management
942 _cBK
999 _c29819
_d29819